DDA: a hard act to follow (Record no. 118169)
[ view plain ]
| 000 -LEADER | |
|---|---|
| fixed length control field | 01847cam a2200325 4500 |
| 001 - CONTROL NUMBER | |
| control field | ABS68394 |
| 008 - FIXED-LENGTH DATA ELEMENTS--GENERAL INFORMATION | |
| fixed length control field | 041015n2004 000 0 eng u |
| 035 ## - SYSTEM CONTROL NUMBER | |
| System control number | (Sirsi) u127714 |
| 100 ## - MAIN ENTRY--PERSONAL NAME | |
| Personal name | King, V. |
| 245 ## - TITLE STATEMENT | |
| Title | DDA: a hard act to follow |
| 260 ## - PUBLICATION, DISTRIBUTION, ETC. | |
| Date of publication, distribution, etc. | 2004 |
| 490 ## - SERIES STATEMENT | |
| Series statement | RICS Business |
| Volume/sequential designation | October 2004 12-14(3) |
| 520 ## - SUMMARY, ETC. | |
| Summary, etc. | Clarifies what the Disability Discrimination Act 1995 (DDA) really says and does, dispelling the property industry's perception that the DDA is all about altering existing building stock to allow wheelchair access. Defines service provider, disabled person, physical feature, and reasonable steps. Suggests that physical alteration of the premises can be avoided by changing the way the service is provided. Warns that the access consultant must consider what the DDA actually says to avoid falling into the negligence trap. View the article at www.rics.org. |
| 590 ## - LOCAL NOTE (RLIN) | |
| Local note | ABS |
| 590 ## - LOCAL NOTE (RLIN) | |
| Local note | ABS |
| 650 ## - SUBJECT ADDED ENTRY--TOPICAL TERM | |
| Topical term or geographic name entry element | DISABILITY DISCRIMINATION |
| 650 ## - SUBJECT ADDED ENTRY--TOPICAL TERM | |
| Topical term or geographic name entry element | ACCESS CONSULTANTS |
| 650 ## - SUBJECT ADDED ENTRY--TOPICAL TERM | |
| Topical term or geographic name entry element | DISABILITY DISCRIMINATION ACT 1995 S19(2) |
| 650 ## - SUBJECT ADDED ENTRY--TOPICAL TERM | |
| Topical term or geographic name entry element | DISABILITY DISCRIMINATION ACT 1995 S19(3)(A) |
| 650 ## - SUBJECT ADDED ENTRY--TOPICAL TERM | |
| Topical term or geographic name entry element | DISABILITY DISCRIMINATION ACT 1995 |
| 650 ## - SUBJECT ADDED ENTRY--TOPICAL TERM | |
| Topical term or geographic name entry element | MANAGEMENT-BUSINESS MANAGEMENT-DISCRIMINATION-DISABILITY DISCRIMINATION-ACCESSIBILITY |
| 650 ## - SUBJECT ADDED ENTRY--TOPICAL TERM | |
| Topical term or geographic name entry element | SERVICE PROVIDERS |
| 650 ## - SUBJECT ADDED ENTRY--TOPICAL TERM | |
| Topical term or geographic name entry element | REASONABLE STEPS |
| 650 ## - SUBJECT ADDED ENTRY--TOPICAL TERM | |
| Topical term or geographic name entry element | DISABILITY DISCRIMINATION ACT 1995 S21(2) |
| 650 ## - SUBJECT ADDED ENTRY--TOPICAL TERM | |
| Topical term or geographic name entry element | NEGLIGENCE |
| 690 ## - LOCAL SUBJECT ADDED ENTRY--TOPICAL TERM (OCLC, RLIN) | |
| Topical term or geographic name as entry element | SURVEYING SERVICES |
| 856 ## - ELECTRONIC LOCATION AND ACCESS | |
| Uniform Resource Identifier | <a href="https://www.rics.org/Management/Businessmanagement/Discrimination/Disabilitydiscrimination/Accessibility/rics_bus_oct2004_dda.htm">https://www.rics.org/Management/Businessmanagement/Discrimination/Disabilitydiscrimination/Accessibility/rics_bus_oct2004_dda.htm</a> |
| Public note | View the article on the RICS website... |
| 856 ## - ELECTRONIC LOCATION AND ACCESS | |
| Uniform Resource Identifier | <a href="https://www.rics.org/Management/Businessmanagement/Discrimination/Disabilitydiscrimination/Accessibility/rics_bus_oct2004_dda.htm">https://www.rics.org/Management/Businessmanagement/Discrimination/Disabilitydiscrimination/Accessibility/rics_bus_oct2004_dda.htm</a> |
| Public note | View the article on the RICS website... |
| 942 ## - ADDED ENTRY ELEMENTS (KOHA) | |
| Suppress in OPAC | 0 |
| Withdrawn status | Lost status | Source of classification or shelving scheme | Damaged status | Not for loan | Home library | Current library | Shelving location | Date acquired | Total Checkouts | Full call number | Barcode | Date last seen | Copy number | Price effective from | Koha item type |
|---|---|---|---|---|---|---|---|---|---|---|---|---|---|---|---|
| Dewey Decimal Classification | London | London | Journal article | 15/10/2004 | ABS68394 | 127714-1001 | 06/08/2019 | 1 | 06/08/2019 | Journal article |